| 000 | 01686nam a2200421 c 4500 | ||
|---|---|---|---|
| 001 | 19432 | ||
| 003 | ES-MaCES | ||
| 005 | 20180131142517.0 | ||
| 008 | 061004s2005 sz d t i000 | spa d | ||
| 020 | _a9223173604 | ||
| 020 | _a9223173612 (web pdf) | ||
| 035 | _aCES20060013295m | ||
| 040 |
_aES-MaCES _bspa _cES-MaCES |
||
| 100 | 1 |
_aDaza, José Luis _910428 |
|
| 245 | 1 | 0 |
_aEconomía informal, trabajo no declarado y administración del trabajo _cJosé Luis Daza |
| 250 | _a1ª ed | ||
| 260 |
_aGinebra _bOrganizacion Internacional del Trabajo _c2005 |
||
| 300 |
_a72 p. _c30 cm |
||
| 490 | 1 |
_aDocumento _v9 |
|
| 500 | _aEn la cub.: Dialogue, Departamento de Diálogo Social, Legislación y Administración del Trabajo | ||
| 504 | _aBibliografía: p. 71-72 | ||
| 541 | _cGratuito | ||
| 650 | 4 |
_asector informal _929194 |
|
| 650 | 4 |
_aeconomía sumergida _929567 |
|
| 650 | 4 |
_atrabajo clandestino _929563 |
|
| 650 | 4 |
_aadministración del trabajo _927213 |
|
| 650 | 4 |
_alegislación del trabajo _927166 |
|
| 650 | 4 |
_apapel de la OIT _929112 |
|
| 650 | 4 |
_apaís desarrollado _927091 |
|
| 650 | 4 |
_apaís en desarrollo _927092 |
|
| 653 | 1 | 0 | _aRelaciones laborales-Empleo |
| 710 | 2 |
_aOrganización Internacional del Trabajo _bDepartamento de Diálogo Social, Legislación y Administración del Trabajo (Dialogue)) _94731 |
|
| 710 | 2 |
_94718 _aOrganización Internacional del Trabajo _eed. |
|
| 830 | 0 |
_934249 _aDocumento (Organización Internacional del Trabajo. Departamento de Diálogo Social, Legislación y Administración del Trabajo (Dialogue)) _v9 |
|
| 902 | _aDOC Literatura gris | ||
| 942 |
_2CES _cBK _h2.0. |
||
| 999 |
_c19432 _d19432 |
||